State Capitals Containing the Letter E - Statistics

General Stats
  • This quiz has been taken 284 times
  • The average score is 23 of 26
Answer Stats
Answer % Correct
Tallahassee
98%
Juneau
97%
Salem
97%
Montpelier
95%
Boise
94%
Denver
94%
Phoenix
94%
Pierre
94%
Sacramento
94%
Jefferson City
93%
Dover
92%
Baton Rouge
91%
Raleigh
91%
Helena
90%
Little Rock
90%
Nashville
89%
Santa Fe
89%
Trenton
89%
Topeka
88%
Cheyenne
87%
Providence
86%
Des Moines
85%
Charleston
83%
Montgomery
83%
Springfield
83%
Salt Lake City
81%
No matching quizzes found
Score Distribution
Percent of People with Each Score
Percentile by Number Answered
Your Score History
You have not taken this quiz